00404 2200145 4500001002100000008004100021035002000062245004000082100002600122260003400148300001700182082001800199650002800217990001300245INLIS000000000000063 ind  a0010-0322000063 aI GUSTI KETUT JELANTIK (BALI)cIKHA aA.GINANDJAR WILUDJENG aSEMARANGbBENGAWAN ILMUc2008 a32 hlm.ccm. a809.933 520 3 aPAHLAWAN - ENSIKLOPEDIA a102315-1